PHOTO ELECTRIC HANDBOOK WITH NOTES ON INSTALLATION AND MAINTENANCE (Record no. 568205)
[ view plain ]
| 000 -LEADER | |
|---|---|
| fixed length control field | 00286nam a22001097a 4500 |
| 082 ## - DEWEY DECIMAL CLASSIFICATION NUMBER | |
| Classification number | 621.381542 IVE'P |
| 100 ## - MAIN ENTRY--PERSONAL NAME | |
| Personal name | IVE, G. A. G |
| 9 (RLIN) | 57970 |
| 245 ## - TITLE STATEMENT | |
| Title | PHOTO ELECTRIC HANDBOOK WITH NOTES ON INSTALLATION AND MAINTENANCE |
| 260 ## - PUBLICATION, DISTRIBUTION, ETC. | |
| Place of publication, distribution, etc. | LONDON |
| Name of publisher, distributor, etc. | GEORGE |
| Date of publication, distribution, etc. | 1955 |
| 300 ## - PHYSICAL DESCRIPTION | |
| Extent | 152P |
| 942 ## - ADDED ENTRY ELEMENTS (KOHA) | |
| Koha item type | Book |
| Withdrawn status | Lost status | Damaged status | Not for loan | Permanent Location | Current Location | Shelving location | Date acquired | Total Checkouts | Full call number | Barcode | Date last seen | Price effective from | Koha item type |
|---|---|---|---|---|---|---|---|---|---|---|---|---|---|
| College of Electrical & Mechanical Engineering (CEME) | College of Electrical & Mechanical Engineering (CEME) | General Stacks | 07/14/2017 | 621.381542 IVE'P | CEME-3622 | 06/28/2021 | 06/28/2021 | Book |
